000
00271nam a22001217a 4500
020
_a
0-7214-1662-4
082
_a
823
_b
HAR/A
100
_a
HARDING, JACQUELINE
245
_a
ABOUT WHEELS
260
_a
USA
_b
LADYBIRD
_c
1994
650
_a
ENGLISH SHORT STORY
_z
USA
942
_c
BK
999
_c
1911
_d
1911